Alchemist (Record no. 4282)

MARC details
000 -LEADER
fixed length control field 00524cam a2200217ua 4500
001 - CONTROL NUMBER
control field 5102
005 - DATE AND TIME OF LATEST TRANSACTION
control field 20260515113832.0
008 - FIXED-LENGTH DATA ELEMENTS--GENERAL INFORMATION
fixed length control field 150210n ii |||gr||||Z||||||eng
020 ## - INTERNATIONAL STANDARD BOOK NUMBER
International Standard Book Number 978-81-7223-498-0
020 ## - INTERNATIONAL STANDARD BOOK NUMBER
International Standard Book Number 81-7223-492-8
040 ## - CATALOGING SOURCE
Transcribing agency MAIN
041 ## - LANGUAGE CODE
Language code of text/sound track or separate title eng
082 ## - DEWEY DECIMAL CLASSIFICATION NUMBER
Classification number 823
100 ## - MAIN ENTRY--PERSONAL NAME
Personal name Coelho, Paulo.,
Relator term Author.,
245 ## - TITLE STATEMENT
Title Alchemist
Statement of responsibility, etc. by Paulo Coelho
250 ## - EDITION STATEMENT
Edition statement 28th.
260 ## - PUBLICATION, DISTRIBUTION, ETC.
Place of publication, distribution, etc. New Delhi:
Name of publisher, distributor, etc. Harper collins publishers,
Date of publication, distribution, etc. 2006.
300 ## - PHYSICAL DESCRIPTION
Extent 161p:
Dimensions 15cm.
653 ## - INDEX TERM--UNCONTROLLED
Uncontrolled term English fiction
942 ## - ADDED ENTRY ELEMENTS (KOHA)
Koha item type Books
Holdings
Withdrawn status Lost status Damaged status Not for loan Home library Current library Shelving location Date acquired Total checkouts Full call number Barcode Date last seen Copy number Price effective from Koha item type Date last checked out
        Naharkatiya College Library Naharkatiya College Library General stacks 09/19/2020   823 | COE 16973 09/19/2020 1 09/19/2020 Books  
        Naharkatiya College Library Naharkatiya College Library General stacks 09/19/2020 1 823 | COE 17349 03/06/2026 2 09/19/2020 Books 02/24/2026